000
00247nam a2200097Ia 4500
001
923267
005
20250826191459.0
008
250824s9999 xx 000 0 und d
245
0
_a
MUHTEŞEM SÜLEYMAN
_c
YAVUZ BAHADIROĞLU
260
_b
PANAMA YAYINLARI
999
_c
923267
_d
923267